000 00542cam a22001697a 4500
008 180718b1995 xxu||||| |||| 00| 0 eng d
020 _a8171008089
082 _aBA27x54 G646
100 _aGopal Singh
245 _aReservation politics in India : mandalisation of the society
_cby Gopal Singh and Hari Lal Sharma
260 _aNew Delhi
_bDeep & Deep
_c1995
300 _a174p.
650 _aEquality before the law --India.
650 _aDalits --India
650 _aPeople with social disabilities --India
700 _aSharma, Hari Lal
999 _c378592
_d378592